000 00690nas a2200241 4500
001 BR7308248
003 BR-BrBNA
005 20231205082653.0
007 ta
008 230509b bl.|||p| |||| 00| 00por d
040 _aBR-BrBNA
_bpor
_cBiblioteca Nacional de Agricultura
041 _a(Pt)
072 _aP10
100 1 _aCheaney, R.L.
245 1 _aO manejo d'agua [arroz, rendimento, drenagem, Oryza sativa]
650 _aRECURSO HIDRICO
650 _aARROZ
650 _aDRENAGEM
650 _aRENDIMENTO
773 0 _tLavoura Arrozeira (Brazil)
_xISSN 0023-9143
_g(Jul 1973), v. 26(274) p. 36-48
_wBR7308248
909 _a202311
_bLúcia
_c55
_dLúcia Elande
942 _2AGRIS
_n0
_cANA
999 _c93603
_d93603